| 000 | 00413nam a22001217a 4500 | ||
|---|---|---|---|
| 082 | _a220 PRO | ||
| 100 |
_aAZEEM,DR MOHSIN SHEIKH _971419 |
||
| 245 | _aPR-SOF-1311-CARDIOINTEL ORGANIZATION AND PREDICTIVE ANALYTICS OVER BIOMENDICAL DATA WITH ARMED FROCES INSTITUTE OF CARDIOLOGY AFIC | ||
| 260 |
_aISLAMABAD _bNUST COLLEGE OF EME _c2013 |
||
| 650 | _a DE-COMP-31 | ||
| 700 |
_aDR SHOAB A KHAN _918474 |
||
| 942 | _cCR | ||
| 999 |
_c577947 _d577947 |
||